Tablice rejestracyjne miast/powiatów woj.śląskie - Statystyki

Ogólne statystyki
  • Ten quiz został rozwiązany 2 043 razy
  • Średni wynik to 34 z 37
Statystyki odpowiedzi
Miasto / powiat Rejestracja % Poprawnych
Bielsko-Biała SB
99%
Częstochowa SC
99%
Gliwice SG
99%
Katowice SK
99%
Rybnik SR
99%
Zabrze SZ
99%
Dąbrowa Górnicza SD
98%
Jaworzno SJ
98%
Mysłowice SM
98%
Tychy ST
98%
Sosnowiec SO
97%
Świętochłowice SW
97%
Ruda Śląska SL
95%
powiat bielski SBI
94%
Chorzów SH
94%
powiat pszczyński SPS
94%
powiat cieszyński SCI
93%
powiat częstochowski SCZ
93%
powiat gliwicki SGL
93%
Bytom SY
93%
Jastrzębie-Zdrój SJZ
92%
powiat mikołowski SMI
92%
powiat będziński SBE
91%
Siemianowice Śląskie SI
91%
powiat kłobucki SKL
91%
powiat myszkowski SMY
91%
powiat żywiecki SZY
91%
powiat bieruńsko-lędziński SBL
90%
powiat lubliniecki SLU
90%
powiat zawierciański SZA
90%
powiat rybnicki SRB
89%
powiat tarnogórski STA
89%
Żory SZO
89%
powiat wodzisławski SWD
87%
powiat raciborski SRC
86%
Piekary Śląskie SPI
84%
powiat wodzisławski SWZ
65%
Nie znaleziono quizów pasujących do podanych kryteriów
Rozkład punktacji
Procent ludzi z każdym wynikiem
Percentyl według liczby udzielonych odpowiedzi
Twoja historia wyników
Nie rozwiązałeś tego quizu